Responses for Show #7145 - Friday, October 9, 2015

Matt Jackson game 11.

Contestants

[<< previous game]

Elicia Woerle, an interior architectural design student from Los Angeles, California

Emily Rollman, an attorney from Shawneetown, Illinois

Matt Jackson, a paralegal from Washington, D.C. (whose 10-day cash winnings total $289,411)

[next game >>]

Jeopardy! Round responses

THE COLLEGE FOOTBALL HALL OF FAME
17th CENTURY AMERICA
A LITTLE ALLITERATION
BUILDING TERMS
THOSE WERE THE DAYS
VWLLSS WRLD CPTLS
(Alex: VOWELLESS WORLD CAPITALS.)
    $200 6
(Troy) Aikman

Elicia
    $200 11
Pocahontas

Matt
    $200 1
a skylight

Elicia
    $400 7
(Alex: San Francisco star [*].)

Jerry Rice

Triple Stumper
    $400 12
the mint

Elicia
    $400 2
a turret

Emily
    $400 26
[The end-of-round signal sounds.]

Wednesday

Matt
    $400 19
Sarajevo

Elicia
    $600 8
Byron "Whizzer" White

Triple Stumper
    $600 13
a comet

Matt
    $600 22
(Alex: You are right, with less than a minute to go now.)

candy canes

Matt
    $600 3
a brownstone

Elicia
    $600 20
German

Elicia
    $600 18
Beirut

Matt
    $800 10
the Ohio State Buckeyes

Triple Stumper
    $800 14
El Paso

Matt
    $800 21
Shamrock Shakes

Emily
    $800 4
a balustrade

Elicia
    $800 25
(Elicia: What is Tuesday?)
...
(Alex: The current French word for [*] is jeudi.)

Thursday

Elicia
Triple Stumper
    $800 17
(Alex: It's the home of my alma mater, the capital of Canada, [*].)

Ottawa

Triple Stumper
    $1000 9
the Four Horsemen

Matt
    $1000 15
(Roger) Williams

Matt
    $1000 23
fat finger

Triple Stumper
    $1000 5
(Matt: What is a jamb?)

lintel

Matt
Triple Stumper
    $1000 24
Gothic

Matt
    $1000 16
Seoul

Matt

Scores at the first commercial break (after clue 14):

Matt Emily Elicia
$1,600 $400 $2,200

Scores at the end of the Jeopardy! Round:

Matt Emily Elicia
$6,200 $1,200 $2,400

Double Jeopardy! Round responses

WAR NOVELS
AROUND THE VATICAN
SCIENTISTS
SHOW BIZ JOBS
"HOUSE"
OF REPRESENTATIVES
    $400 26
Redcoat

Matt
    $400 27
Latin

Elicia
    $400 22
(Emily: What is the director?)
(Alex: No.)
(Emily: [Sighs] Oh, geez.)

producer

MattEmily
    $400 28
house arrest

Emily
    $400 29
[The end-of-round signal sounds.]

Puerto Rico

Elicia
    $800 25
(Elicia: Who are the Green Berets?)

the Marines

MattElicia
    $800 24
the Sistine Chapel

Matt
    $800 23
(Alex: With less than a minute now.)

(Sir Isaac) Newton

Matt
    $800 21
roadies

Elicia
    $800 19
a house of cards

Matt
    $800 20
25

Matt
    $1200 2
the Korean War

Matt
    $1200 16
prohibited books

Matt
    $1200 1
Pasteur

Elicia
    $1200 14
play guitar

Matt
    $1200 17
a housewarming

Matt
    $1200 18
Alaska

Elicia
    $5,000 3
All Quiet on the Western Front

Matt
    $1600 15
the Swiss Guard

Elicia
    $5,000 4
Mars

Matt
    $1600 13
an editor

Emily
    $1600 12
house visits

Matt
    $1600 11
(Elicia: Who is Andrew Jackson?)

(James) Polk

MattElicia
    $2000 6
(Emily: What is U-571?)
(Alex: No.)
(Emily: Shoot. [Sighs])

Das Boot

Emily
Triple Stumper
    $2000 7
(Saint) Veronica

Matt
    $2000 5
geodesic

Matt
    $2000 8
(Elicia: What is the key grip?)

the dolly grip

Elicia
Triple Stumper
    $2000 9
(Emily: What is a house wren?)
(Alex: No.)
(Emily: [Sighs] Oh, boy.)

the house martin

Emily
Triple Stumper
    $2000 10
the Blue Dog Democrats

Matt

Scores at the end of the Double Jeopardy! Round:

Matt Emily Elicia
$35,000 -$1,200 $3,600
(lock game)

[wagering suggestions for these scores]

Final Jeopardy! Round responses

VIDEO GAMES
(Alex: He went big, and now has $339,411 and is tied in fourth place in number of games won.)
EliciaWhat is Tetris?
$0
MattWhat is Tetris
$15,000
Tetris

Final scores:

Matt Emily Elicia
$50,000 -$1,200 $3,600
11-day champion: $339,411 3rd place: $1,000 2nd place: $2,000

Game dynamics:

Coryat scores:

Matt Emily Elicia
$28,200 -$1,200 $3,600
28 R
(including 2 DDs),
1 W
4 R,
3 W
13 R,
4 W

Combined Coryat: $30,600

[game clues] [game scores] [suggest correction]

Game tape date: 2015-09-02
The J! Archive is created by fans, for fans. Scraping, republication, monetization, and malicious use prohibited; this site may use cookies and collect identifying information. See terms. The Jeopardy! game show and all elements thereof, including but not limited to copyright and trademark thereto, are the property of Jeopardy Productions, Inc. and are protected under law. This website is not affiliated with, sponsored by, or operated by Jeopardy Productions, Inc. Join the discussion at JBoard.tv.